[Event "AUT-ch U12"]
[Site "Woerth"]
[Date "2014.06.07"]
[Round "2"]
[White "Steger, Valentin"]
[Black "Postlmayer, Jakob"]
[Result "1/2-1/2"]
[WhiteElo "1264"]
[BlackElo "1469"]
[PlyCount "73"]
[EventDate "2014.06.07"]
[EventType "swiss"]
[EventRounds "7"]
[EventCountry "AUT"]
[SourceTitle "EXT 2016"]
[Source "ChessBase"]
[SourceDate "2015.10.08"]
[SourceVersion "1"]
[SourceVersionDate "2015.10.08"]
[SourceQuality "1"]

1. e4 c5 2. Nf3 d6 3. Bb5+ Nc6 4. Bxc6+ bxc6 5. 0-0 e5 6. h3 Nf6 7. d3 Be7 8. Be3 0-0 9. Nbd2 Rb8 10. b3 Ba6 11. c4 h6 12. Nh4 d5 13. f3 d4 14. Bf2 Nxe4 15. Nxe4 Bxh4 16. Bxh4 Qxh4 17. Nxc5 Bc8 18. Qe1 Qg5 19. Kh2 Qe7 20. Qe4 Qxc5 21. Rae1 Re8 22. f4 f6 23. Re2 Bd7 24. Rfe1 exf4 25. Qxf4 Rxe2 26. Qxb8+ Re8 27. Rxe8+ Bxe8 28. Qxe8+ Kh7 29. Qe4+ f5 30. Qf4 Kg6 31. g4 fxg4 32. hxg4 Kh7 33. Qf5+ Qxf5 34. gxf5 g6 35. fxg6+ Kxg6 36. b4 Kf5 37. Kh3 1/2-1/2